00923cam a22002537a 4500003000500000005001700005008004100022010001000063011001000073035001000083040000900093100003300102245017400135260004100309300003000350502007700380530003600457650002800493650001200521650003200533650002300565650001800588856006300606CHAP20220329142830.0040604s2003 mx a r 00010 spa d a88426 a89398 a99949 cCHAP00aGarcía Rodríguez, Paula.10aProducción de alcatraz de color (Zantedeschia spp.) usando diferentes relaciones nitrato/amonio y la aceptación del consumidor finalc/por Paula García Rodríguez aChapingo, Méx. :bEl autor,c2003. a98 h. :bilus. ; gráfs. aTesis (Ing. Agr. Esp. en Fitotecnia) -- UACH. Departamento de Fitotecnia aTambién disponible en línea14aAlcatrazxProducción.14aAmonio.14aFertilizantes nitrogenados.14aSiembra en maceta.14aZantedeschia. 3Finding aiduhttp://10.13.5.2/tesis/99949.pdfzTeclea aqui